| 000 | 00679nam a2200229Ia 4500 | ||
|---|---|---|---|
| 003 | OSt | ||
| 005 | 20230720153731.0 | ||
| 008 | 210716s2009 xx 000 0 und d | ||
| 020 | _a9780230224926 | ||
| 040 | _cAIMIT LIBRARY | ||
| 041 | _aeng | ||
| 082 |
_a339 _26 _bMANN |
||
| 100 |
_aMankiw, N Gregory. _9127983 |
||
| 245 |
_aMacroeconomics / _cBy N Gregory Mankiw. |
||
| 250 | _a6th ed. | ||
| 260 |
_aNew York : _c2009, _bWorth Publishers |
||
| 300 |
_axxxvi,578p. ; _bPB. _c24 cm |
||
| 650 |
_aMacroeconomics and related topics(339) _9127984 |
||
| 651 |
_a Thr science of macroeconomic _9127985 |
||
| 651 |
_aTher data of maro _9127986 |
||
| 942 |
_2ddc _cBK _e6th _k..9 MANN |
||
| 999 |
_c206009 _d206009 |
||